书目信息 |
| 题名: |
七位对数与三角函数表
|
|
| 作者: | 布鲁斯 编 ;刘述文 译 | |
| 分册: | ||
| 出版信息: | 北京 中国工业出版社 1965 |
|
| 页数: | 610页 | |
| 开本: | 26cm | |
| 丛书名: | ||
| 单 册: | ||
| 中图分类: | O1-645 | |
| 科图分类: | ||
| 主题词: | 数学 | |
| 电子资源: | ||
| ISBN: | ||
| 000 | 00610nam0 2200217 45 | |
| 001 | 0405211179 | |
| 005 | 20040924080729.1 | |
| 010 | @dCNY6.30 | |
| 091 | @a15165.2219 | |
| 100 | @a20040521d1965 km y0chiy0120 ea | |
| 101 | 0 | @achi |
| 105 | @a z 000yy | |
| 200 | 1 | @a七位对数与三角函数表@AQi Wei Dui Shu Yu San Jiao Han Shu Biao@fC·布鲁斯编@FC·Bu Lu Si Bian@g刘述文译 |
| 210 | @a北京@c中国工业出版社@d1965 | |
| 215 | @a610页@d26cm | |
| 606 | 0 | @a数学 |
| 690 | @aO1-645@v3 | |
| 701 | 0 | @a布鲁斯@4编 |
| 702 | 0 | @a刘述文@ALiu Shu Wen@4译 |
| 801 | @aCN@bPftUser@c20040521 | |
| 905 | @dO1-645@e23@f1@b8548 | |
| 七位对数与三角函数表/C·布鲁斯编/刘述文译.-北京:中国工业出版社,1965 |
| 610页;26cm |
| ISBN :CNY6.30 |
| ● |
| 相关链接 |
|
|
|
|
正题名:七位对数与三角函数表
索取号:O1-645/23
 
预约/预借
| 序号 | 登录号 | 条形码 | 馆藏地/架位号 | 状态 | 备注 |
| 1 | 0008548 | 001962442 | 密集书库/ [索取号:O1-645/23] | 在馆 | |
| 2 | 0008549 | 001234293 | 第二样本阅览室/ [索取号:O1-645/23] | 在馆 |